Penbui - wachter an der statte der wahrheit : Eine Prosopographische Untersuchung zu Deir el-Medine in der 19. Dynastie /

Saved in:

Main Author: Meurer, Georg (Author)

Other Authors: Blumenthal, Elke.

Format: Book

Language: German

Published: London : Golden House Publications, 2015.

Series: GHP Egyptology ; 24.
Egyptology ; 24.

Subjects:

Tags: Add Tag

No Tags, Be the first to tag this record!

Call Number: DT59 .E88 v.24

LEADER 01526namaa2200325 4500
003 OSt
005 20260517103327.0
008 130303s2015 enka b 001 0 ger d
020 |a 1906137463  
020 |a 9781906137465 
040 |c ARCE Library 
050 4 |a DT59 .E88 v.24 
100 1 |a Meurer, Georg,  |e author  |9 35907 
245 1 0 |a Penbui - wachter an der statte der wahrheit :   |b Eine Prosopographische Untersuchung zu Deir el-Medine in der 19. Dynastie /   |c Georg Meurer ; Elke Blumenthal.  |n   
264 1 |a London :  |b Golden House Publications,  |c 2015. 
300 |a x, 238 pages :  |b illustrations ;  |c 31 cm. 
490 1 |a GHP Egyptology ;   |v 24. 
490 1 |a Egyptology ;   |v 24. 
500 |a "This is an in depth study on the 'servant at the place of Truth' Penbuy. He was one of the leading workmen involved in building the royal tombs in the Valley of the Kings at Thebes. All known monuments are presented. They include the scenes of his badly destroyed, but once nicely painted tomb chapel. The study presents new insights into the family of Penbuy and the social relations at Deir el-Medineh."-Publisher's Website. 
504 |a Includes bibliographical references and index. 
650 0 |a Tombs  |x Decoration  |z Egypt. 
651 0 |a Egypt  |x Social life and customs. 
651 0 |a Valley of the Kings (Egypt)  
651 0 |a Egypt   |x Antiquities. 
700 1 |a Blumenthal, Elke.  |9 26930 
830 0 |a GHP Egyptology ;   |v 24. 
830 0 |a Egyptology ;   |v 24. 
901 |a reviewed 
942 |c BK  |2 lcc 
999 |c 2272  |d 2272